El fenómeno de la contestación en la América Latina (Registro nro. 69738)
[ vista simple ]
| 000 -LÍDER | |
|---|---|
| Campo fijo de descripción fija | 01740nab a2200217 i 4500 |
| 001 - NÚMERO DE CONTROL | |
| Campo de control | 768714001 |
| 003 - IDENTIFICADOR DEL NÚMERO DE CONTROL | |
| Campo de control | CO-MdFUSB |
| 005 - FECHA Y HORA DE LA ULTIMA TRANSACCIÓN | |
| control field | 20260312144822.0 |
| 008 - ELEMENTOS DE LONGITUD FIJA -- INFORMACIÓN GENERAL | |
| Campo fijo de descripción fija -- Información general | 240516t1971 sp ||||| |||| 00| 0 spa d |
| 040 ## - FUENTE DE CATALOGACIÓN | |
| Idioma de catalogación | spa |
| Agencia que realiza la transcripción | CO-MdFUSB |
| Agencia que realiza la modificación | CO-MdFUSB |
| 041 ## - CÓDIGO DE IDIOMA | |
| Código de idioma para texto/pista de sonido o título separado | spa |
| 100 ## - ASIENTO PRINCIPAL--NOMBRE PERSONAL | |
| Nombre personal | Gutiérrez, Gustavo, |
| Fechas asociadas con el nombre | 1928- |
| Término relacionador | autor |
| 245 ## - TÍTULO | |
| Título | El fenómeno de la contestación en la América Latina |
| Mención de responsabilidad | / Gustavo Gutiérrez Merino |
| 520 ## - NOTA DE RESUMEN, ETC. | |
| Nota de sumario, etc. | Estas páginas se sitúan en el contexto de un estudio sobre la contestación al interior de la Iglesia. Nos corresponde intentar un análisis de ese fenómeno en la iglesia latinoamericana. Pero una correcta inteligencia de esa actitud en América Latina nos lleva a señalar, desde el inicio, que la contestación en la Iglesia tiene sus raíces en la impugnación del orden establecido en este continente de miseria y de despojo. En efecto, la Iglesia no sólo está ligada de mil maneras, consciente e inconscientemente, a ese estado de cosas, sino que, en cierto modo, está integrada todavía a él. Ella lo legitima, sacralizando situaciones de injusticia y opresión o, en el mejor de los casos, bendiciendo superficiales y a la larga falaces esfuerzos de reforma y modernización. Es más, cuatro siglos de historia han operado en muchos países del continente una fuerte identificación de sus estructuras con las del sistema social imperante. |
| 650 #7 - ASIENTO SECUNDARIO DE MATERIA - TERMINO TEMÁTICO | |
| Término temático o nombre geográfico como elemento de entrada | Iglesia |
| 9 (RLIN) | 655 |
| 653 ## - TÉRMINO DE INDIZACIÓN - NO CONTROLADO | |
| Término no controlado | Contestación en la Iglesia |
| 653 ## - TÉRMINO DE INDIZACIÓN - NO CONTROLADO | |
| Término no controlado | Derecho canonico |
| 773 0# - ASIENTO DE ITEM FUENTE | |
| Biblionumber | 49450 |
| Itemnumber | 82635 |
| Otro identificador del ítem | R2558 |
| Título | Revista internacional de teología Concilium |
| Número de control del registro | (CO-MdFUSB)8 |
| Número Internacional Normalizado para Publicaciones Seriadas (ISSN) | 0210-1041 |
| Parte(s) relacionada(s) / Volumen., número. (mes año), páginas | Número 68, (septiembre - octubre, 1971), páginas: 193 - 207 |
| Enumeración y primera página | página: 193 |
| 942 ## - TIPO DE MATERIAL (KOHA) | |
| Tipo de Item KOHA | Artículos de Revista |
| 945 ## - INFORMACIÓN LOCAL DEL REGISTRO | |
| Catalogador | Catherine Arias Alvarez - Practicante SENA |
No hay ítems disponibles.
